Discurso sobre la trascendencia y la personalidad de las penas /
Guardado en:
| Otros Autores: | |
|---|---|
| Formato: | Desconocido |
| Idioma: | Spanish |
| Publicado: |
Buenos Aires :
Ediar,
2011
|
| Edición: | 1a. ed. |
| Series: | El penalismo olvidado
|
| Materias: | |
| Etiquetas: |
Agregar Etiqueta
Sin Etiquetas, Sea el primero en etiquetar este registro!
|
| LEADER | 00663nac a22001815a 4500 | ||
|---|---|---|---|
| 001 | DER.der012352 | ||
| 008 | 180615s2011####ag#||||||||||||||#||spa|| | ||
| 005 | 20250716171642.0 | ||
| 245 | 1 | 0 | |a Discurso sobre la trascendencia y la personalidad de las penas / |c Maximilien Robespierre ; traducción y prólogo de Manuel de Rivacoba y Rivacoba. |
| 250 | |a 1a. ed. | ||
| 260 | |a Buenos Aires : |b Ediar, |c 2011 | ||
| 300 | |a 127 p. | ||
| 490 | 1 | |a El penalismo olvidado | |
| 500 | |a Apéndice Código Penal Francés de 1791. | ||
| 020 | |a 9789505742707 | ||
| 700 | 1 | |a Rivacoba y Rivacoba, Manuel de, |e trad. prol. | |
| 650 | 7 | |a DERECHO PENAL | |
| 859 | |a DERECHO |b BIB. DERECHO |h 345 |i ROB |p 007146 | ||
